Current NFL Players Who Won the Heisman - Statistics

General Stats
  • This quiz has been taken 368 times
    130 since last reset
  • The average score is 11 of 12
Answer Stats
Answer % Correct
Lamar Jackson
99%
Baker Mayfield
98%
Caleb Williams
98%
Joe Burrow
98%
Jayden Daniels
97%
Derrick Henry
96%
Kyler Murray
96%
Bryce Young
95%
DeVonta Smith
93%
Travis Hunter
90%
Jameis Winston
88%
Marcus Mariota
85%
No matching quizzes found
Score Distribution
Percent of People with Each Score
Percentile by Number Answered
Your Score History
You have not taken this quiz since the last reset